00490nam a2200169Ia 4500003000400000005001700004008004100021020000800062040001700070100001500087245004700102260001600149260000900165942001200174999001500186952011900201OSt20240321143237.0170524s9999 xx 000 0 und d aNIL cIIMTU MEERUT aHalim - A. 0aAtlas of Regional Anatomy of Head and Neck bC.B.S.Puub. c1989 2ddcc02 c6495d6495 00102ddc4070a01b01d2017-05-30p01-B-75050r2017-05-30w2017-05-30y10zDamage by Silver fish to be Write Off